000 00562nam a2200193Ia 4500
999 _c14911
_d14911
003 OSt
005 20201020132428.0
008 190216s9999||||xx |||||||||||||| ||und||
020 _a9780195694062
040 _coclc
082 _a891.46871
_bLIM/O
100 _aLimbale, Sharankumar
_91759
245 0 _aThe Outcaste Akkarmashi /
_cSharankumar Limbale
250 _a2nd Ed.
260 _bOxford University Press ,
_c2008.
_aNew Delhi:
300 _a121p
650 _aBiogaphy
942 _cBK
_2ddc
_h891.46871
_iLIM/O
_k891.46871
_mLIM/O